Malaysia footwear exporters 2000-2001 [
| Format: | Book |
|---|---|
| Published: |
Kuala Lumpur:
MATRADE,
2000.
|
| Subjects: |
| LEADER | 00534cam a2200145 7i4500 | ||
|---|---|---|---|
| 001 | 0000008492 | ||
| 005 | 20001204090000.0 | ||
| 090 | 0 | 0 | |a CD-ROM 182 |b MAL |
| 245 | 0 | 0 | |a Malaysia footwear exporters 2000-2001 [ |m electronic resources]. |
| 260 | 0 | 0 | |a Kuala Lumpur: |b MATRADE, |c 2000. |
| 300 | # | # | |a Electronic computer optical disc (CD-ROM). |
| 650 | 0 | 0 | |a Exporters -- |x Directories -- |z Malaysia |
| 650 | 0 | 0 | |a Footwear -- |x Exporters -- |x Directories -- |z Malaysia |
| 651 | 0 | 0 | |a Malaysia |
| 999 | |a 0000012026 |b CD-ROM |c AV Collection |e Business Information Centre | ||